<?xml version="1.0" encoding="UTF-8"?>
<record
    xmlns:xsi="http://www.w3.org/2001/XMLSchema-instance"
    xsi:schemaLocation="http://www.loc.gov/MARC21/slim http://www.loc.gov/standards/marcxml/schema/MARC21slim.xsd"
    xmlns="http://www.loc.gov/MARC21/slim">

  <leader>00980naa a2200241 a 4500</leader>
  <controlfield tag="001">80338</controlfield>
  <controlfield tag="003">BD-RjUL</controlfield>
  <controlfield tag="005">20220913110957.0</controlfield>
  <controlfield tag="008">220913s1968    pk ||||| |||| 00| 0 urd d</controlfield>
  <datafield tag="035" ind1=" " ind2=" ">
    <subfield code="a">(BD-RjUL)80338</subfield>
  </datafield>
  <datafield tag="040" ind1=" " ind2=" ">
    <subfield code="a">BD-RjUL</subfield>
    <subfield code="b">eng</subfield>
    <subfield code="c">BD-RjUL</subfield>
  </datafield>
  <datafield tag="041" ind1=" " ind2=" ">
    <subfield code="a">urd</subfield>
  </datafield>
  <datafield tag="082" ind1=" " ind2=" ">
    <subfield code="2">23</subfield>
    <subfield code="a">181.07</subfield>
    <subfield code="b">SAI 1968</subfield>
  </datafield>
  <datafield tag="100" ind1=" " ind2=" ">
    <subfield code="a">&#x633;&#x631;&#x647;&#x646;&#x62F;&#x64A;&#x60C; &#x627;&#x62D;&#x645;&#x62F; &#x627;&#x644;&#x634;&#x64A;&#x62E; # # Sarhindi, Ahmad  Sheikh</subfield>
    <subfield code="9">4742</subfield>
  </datafield>
  <datafield tag="245" ind1=" " ind2=" ">
    <subfield code="a">&#x627;&#x646;&#x62A;&#x62E;&#x627;&#x628; &#x645;&#x643;&#x62A;&#x648;&#x628;&#x627;&#x62A; &#x634;&#x64A;&#x62E; &#x627;&#x62D;&#x645;&#x62F; &#x633;&#x631;&#x62D;&#x62F;&#x649;  =  Selected Letters of Shaikh Ahmad Sirhindi  /</subfield>
    <subfield code="c">&#x62A;&#x627;&#x644;&#x64A;&#x641; &#x648; &#x645;&#x642;&#x62F;&#x645;&#x647;  = &#x627;&#x632; &#x641;&#x636;&#x644; &#x627;&#x644;&#x631;&#x62D;&#x645;&#x646;.= by  Fazlur Rahman</subfield>
  </datafield>
  <datafield tag="260" ind1=" " ind2=" ">
    <subfield code="a">Karachi :</subfield>
    <subfield code="b">&#x627;&#x642;&#x628;&#x627;&#x644; &#x623;&#x643;&#x627;&#x62F;&#x645;&#x649; &#x67E;&#x627;&#x643;&#x633;&#x62A;&#x627;&#x646;&#x60C;=Iqbal Academy Karachi ,</subfield>
    <subfield code="c">1968</subfield>
  </datafield>
  <datafield tag="300" ind1=" " ind2=" ">
    <subfield code="a">v. ;</subfield>
    <subfield code="c">23 cm</subfield>
  </datafield>
  <datafield tag="505" ind1=" " ind2=" ">
    <subfield code="a">V. pt. 1- Philosophical &amp; Theological Letters.-- pt. 2.Shaikh Sirhindi in World.--</subfield>
  </datafield>
  <datafield tag="600" ind1=" " ind2=" ">
    <subfield code="a">A&#x1E25;mad Sirhind&#x12B;, </subfield>
    <subfield code="d">1563-1624 </subfield>
    <subfield code="x"> Correspondence</subfield>
    <subfield code="9">4743</subfield>
  </datafield>
  <datafield tag="650" ind1=" " ind2=" ">
    <subfield code="a">Islamic philosophy</subfield>
  </datafield>
  <datafield tag="700" ind1=" " ind2=" ">
    <subfield code="a"> &#x627;&#x644;&#x631;&#x62D;&#x645;&#x646;&#x60C; &#x641;&#x636;&#x644;</subfield>
    <subfield code="9">4756</subfield>
  </datafield>
  <datafield tag="942" ind1=" " ind2=" ">
    <subfield code="2">ddc</subfield>
    <subfield code="c">BK</subfield>
  </datafield>
  <datafield tag="999" ind1=" " ind2=" ">
    <subfield code="c">80338</subfield>
    <subfield code="d">80338</subfield>
  </datafield>
  <datafield tag="952" ind1=" " ind2=" ">
    <subfield code="0">0</subfield>
    <subfield code="1">0</subfield>
    <subfield code="2">ddc</subfield>
    <subfield code="4">0</subfield>
    <subfield code="7">1</subfield>
    <subfield code="8">NFIC</subfield>
    <subfield code="a">RUCL</subfield>
    <subfield code="b">RUCL</subfield>
    <subfield code="c">Reading</subfield>
    <subfield code="d">1969-09-16</subfield>
    <subfield code="e">pakistan book center</subfield>
    <subfield code="g">100.00</subfield>
    <subfield code="l">0</subfield>
    <subfield code="o"> U 181.07 SAI Pt 1-2 1968</subfield>
    <subfield code="r">2022-09-13 00:00:00</subfield>
    <subfield code="t">C-1</subfield>
    <subfield code="w">2022-09-13</subfield>
    <subfield code="y">BK</subfield>
  </datafield>
</record>
